| 000 | 00988nam a22002537a 4500 | ||
|---|---|---|---|
| 005 | 20170124103017.0 | ||
| 010 | _aB-195068 | ||
| 020 |
_c150.00 _a8188433160 |
||
| 035 | _aB-195068 | ||
| 037 | _bCen Lib/Ret | ||
| 040 |
_aDPL _bHN |
||
| 082 |
_aक _bअनुरा |
||
| 100 |
_aअनुराग, अजय _959280 |
||
| 245 |
_aजंगल की कहानियां / _cअजय अनुरागी |
||
| 246 |
_aJangal ki kahaniyan / _bby Ajay Anuaragi |
||
| 260 |
_aजयपुर _bअंकित पब्लिकेशन _c2005 |
||
| 270 |
_a55/74, अर्जत पथ, मानसरोवर _bजयपुर _e302020 |
||
| 300 |
_a359पृ.: _c19सेमी(सजिल्द) _bसचित्र |
||
| 650 |
_aहिंदी साहित्य _959281 |
||
| 650 |
_aहिंदी कहानी _959282 |
||
| 650 |
_aHindi literature _959283 |
||
| 650 |
_aHindi stories _959284 |
||
| 942 |
_2ddc _cHN _hक _mअनुरा |
||
| 999 |
_c114976 _d114976 |
||